000 00657nam a2200289Ia 4500
005 20260324133536.0
008 008 260324s9999 xx 000 0 eng d
020 _a9781315086958
037 _aEBOOK
040 _aCRL
040 _beng
040 _cCRL
041 _2eng
041 _aeng
084 _qCRL
100 _aRoman Malek
_91156560
245 4 _aThe Chinese Face of Jesus Christ
245 0 _bVolume 2
260 _bTaylor and Francis
260 _c2003
365 _a
365 _b240
856 _uhttp://www.taylorfrancis.com/books/9781315086958
942 _cEBOOK
999 _c1792624
_d1792624